King of Fighters 15 Characters - Statistics

General Stats
  • This quiz has been taken 30 times
  • The average score is 40 of 61
Answer Stats
Team Character % Correct
Fatal Fury Andy Bogard
100%
K' K'
100%
Fatal Fury Terry Bogard
100%
Super Heroines Mai Shiranui
96%
Art of Fighting Ryo Sakazaki
96%
Sacred Treasures Iori Yagami
92%
Fatal Fury Joe Higashi
88%
Art of Fighting King
88%
Sacred Treasures Kyo Kusanagi
88%
Ikari Warriors Ralf Jones
88%
Art of Fighting Robert Garcia
88%
Super Heroines Athena Asamiya
83%
Orochi Chris
83%
Ikari Warriors Clark Still
83%
Ikari Warriors Leona
83%
Awakened Orochi Orochi Chris
83%
Hero Benimaru Nikaido
79%
Solo Kim Kaphwan
79%
Super Heroines Yuri Sakazaki
75%
South Town Billy Kane
71%
Secret Agents Blue Mary
71%
South Town Geese Howard
71%
Awakened Orochi Orochi Shermie
71%
Orochi Shermie
71%
Krohnen Ángel
67%
Ash Ash Crimson
67%
Sacred Treasures Chizuru Kagura
67%
K' Maxima
67%
Awakened Orochi Orochi Yashiro
67%
Secret Agents Vanessa
67%
K' Whip
67%
Orochi Yashiro Nanakase
67%
Rivals Heidern
63%
Galaxy Anton Wrestling King of Dinosaurs
63%
Krohnen Krohnen
63%
Krohnen Kula Diamond
63%
Solo Omega Rugal
63%
Galaxy Anton Wrestling Ramón
63%
Garou Rock Howard
63%
South Town Ryuji Yamazaki
63%
Garou Gato
58%
Solo Shingo Yabuki
58%
Hero Shun'ei
58%
Ash Elisabeth Blanctorche
54%
Solo Vice
54%
Garou B. Jenet
50%
Rivals Dolores
50%
Secret Agents Luong
50%
Solo Mature
50%
Samurai Nakoruru
50%
Galaxy Anton Wrestling Antonov
46%
Rivals Isla
46%
Hero Meitenkun
46%
Ash Kukri
42%
Solo Goenitz
38%
Samurai Haohmaru
38%
Solo Sylvie Paula Paula
38%
Samurai Darli Dagger
33%
Solo Hinako Shijo
33%
Solo Duo Lon
25%
Solo Najd
25%
No matching quizzes found
Score Distribution
Percent of People with Each Score
Percentile by Number Answered
Your Score History
You have not taken this quiz